<?xml version="1.0" encoding="UTF-8"?>
<record
    xmlns:xsi="http://www.w3.org/2001/XMLSchema-instance"
    xsi:schemaLocation="http://www.loc.gov/MARC21/slim http://www.loc.gov/standards/marcxml/schema/MARC21slim.xsd"
    xmlns="http://www.loc.gov/MARC21/slim">

  <leader>00848cam a22002291  4500</leader>
  <controlfield tag="001">s  40000043 </controlfield>
  <controlfield tag="003">DLC</controlfield>
  <controlfield tag="005">20260227111912.0</controlfield>
  <controlfield tag="008">880316s1939    po            000 0 por c</controlfield>
  <datafield tag="010" ind1=" " ind2=" ">
    <subfield code="a">s  40000043 </subfield>
  </datafield>
  <datafield tag="035" ind1=" " ind2=" ">
    <subfield code="a">(OCoLC)17637741</subfield>
  </datafield>
  <datafield tag="040" ind1=" " ind2=" ">
    <subfield code="a">Smithsonian Institution</subfield>
    <subfield code="c">CoU</subfield>
    <subfield code="d">CoU</subfield>
    <subfield code="d">DLC</subfield>
  </datafield>
  <datafield tag="041" ind1="1" ind2=" ">
    <subfield code="a">eng</subfield>
    <subfield code="h">por</subfield>
  </datafield>
  <datafield tag="042" ind1=" " ind2=" ">
    <subfield code="a">premarc</subfield>
  </datafield>
  <datafield tag="050" ind1="0" ind2="0">
    <subfield code="a">JN8502 1939</subfield>
    <subfield code="b">.A5</subfield>
  </datafield>
  <datafield tag="110" ind1="1" ind2=" ">
    <subfield code="a">Portugal.</subfield>
    <subfield code="b">Secretariado da Propaganda Nacional</subfield>
  </datafield>
  <datafield tag="245" ind1="1" ind2="0">
    <subfield code="a">Portugal, the new state, in theory and in practice.</subfield>
    <subfield code="b">New York World's fair, 1939.</subfield>
  </datafield>
  <datafield tag="260" ind1=" " ind2=" ">
    <subfield code="a">[Lisbon, Portugal,</subfield>
    <subfield code="b">Printed in "Editorial Imp&#xE9;rio, limitada,"</subfield>
    <subfield code="c">1939]</subfield>
  </datafield>
  <datafield tag="300" ind1=" " ind2=" ">
    <subfield code="a">2 p. l., 7-68, [1] p., 1 l.</subfield>
    <subfield code="c">21 cm.</subfield>
  </datafield>
  <datafield tag="500" ind1=" " ind2=" ">
    <subfield code="a">A completely revised translation of O estado novo, principios o realiza&#xE7;&#xF5;es, issued in 1937.</subfield>
  </datafield>
  <datafield tag="651" ind1=" " ind2="0">
    <subfield code="a">Portugal</subfield>
    <subfield code="x">Politics and government</subfield>
    <subfield code="y">1933-1974.</subfield>
  </datafield>
  <datafield tag="999" ind1=" " ind2=" ">
    <subfield code="c">52755</subfield>
    <subfield code="d">52755</subfield>
  </datafield>
</record>
